[Event "Chojnice op-A 4th"]
[Site "Chojnice"]
[Date "2008.07.16"]
[Round "7"]
[White "Zembrzuska, Monika"]
[Black "Lada, Ireneusz"]
[Result "1-0"]
[WhiteElo "2016"]
[BlackElo "2166"]
[PlyCount "69"]
[EventDate "2008.07.12"]
[EventType "swiss"]
[EventRounds "9"]
[EventCountry "POL"]
[SourceTitle "EXT 2018"]
[Source "ChessBase"]
[SourceDate "2017.10.13"]
[SourceVersion "1"]
[SourceVersionDate "2017.10.13"]
[SourceQuality "1"]

1. e4 c6 2. d4 d5 3. Nc3 dxe4 4. Nxe4 Nf6 5. Ng5 h6 6. N5f3 Bf5 7. Bd3 Bxd3 8. Qxd3 e6 9. Ne5 Bd6 10. Ngf3 Bxe5 11. Nxe5 Nbd7 12. Qg3 Rg8 13. Nc4 b6 14. Nd6+ Kf8 15. b3 Rh8 16. Ba3 Kg8 17. Qf3 Nb8 18. g4 Qd7 19. 0-0-0 Na6 20. h4 Ne8 21. Ne4 f6 22. g5 f5 23. Ng3 Qd5 24. Qe2 b5 25. Bc5 Nec7 26. g6 b4 27. Rhe1 Re8 28. Qh5 f4 29. Re5 Qg2 30. Nf5 Nxc5 31. dxc5 Nd5 32. Nd4 Nf6 33. Rxe6 Rf8 34. Qf5 Nd5 35. Re8 1-0

[Event "Chojnice op-A 4th"]
[Site "Chojnice"]
[Date "2008.07.13"]
[Round "2"]
[White "Zembrzuska, Monika"]
[Black "Zielinski, Olgierd"]
[Result "0-1"]
[WhiteElo "2016"]
[BlackElo "1979"]
[PlyCount "78"]
[EventDate "2008.07.12"]
[EventType "swiss"]
[EventRounds "9"]
[EventCountry "POL"]
[SourceTitle "EXT 2018"]
[Source "ChessBase"]
[SourceDate "2017.10.13"]
[SourceVersion "1"]
[SourceVersionDate "2017.10.13"]
[SourceQuality "1"]

1. e4 e6 2. d4 d5 3. Nc3 Nf6 4. exd5 exd5 5. Bd3 Nc6 6. Nge2 Nb4 7. Bb5+ c6 8. Ba4 a5 9. Bb3 Bd6 10. Bf4 Bxf4 11. Nxf4 Qe7+ 12. Qe2 Qxe2+ 13. Kxe2 Bf5 14. Kd2 Ne4+ 15. Nxe4 Bxe4 16. f3 Bg6 17. c3 Na6 18. g4 f6 19. Rae1+ Kd7 20. Nxg6 hxg6 21. Bc2 Rh6 22. f4 Rah8 23. Re2 Nc7 24. g5 fxg5 25. fxg5 Rh5 26. h4 Rxg5 27. hxg5 Rxh1 28. Bxg6 Rg1 29. Bf5+ Kd6 30. g6 Rg5 31. Bd3 Ne6 32. Rf2 b5 33. b3 Rg4 34. Ke3 Rg3+ 35. Ke2 b4 36. Kd2 bxc3+ 37. Kxc3 c5 38. dxc5+ Nxc5 39. Rd2 Ne4+ 0-1

[Event "Chojnice op-A 4th"]
[Site "Chojnice"]
[Date "2008.07.12"]
[Round "1"]
[White "Ziolkowski, Dawid"]
[Black "Zembrzuska, Monika"]
[Result "1-0"]
[WhiteElo "2183"]
[BlackElo "2016"]
[PlyCount "94"]
[EventDate "2008.07.12"]
[EventType "swiss"]
[EventRounds "9"]
[EventCountry "POL"]
[SourceTitle "EXT 2018"]
[Source "ChessBase"]
[SourceDate "2017.10.13"]
[SourceVersion "1"]
[SourceVersionDate "2017.10.13"]
[SourceQuality "1"]

1. e4 c5 2. Nf3 d6 3. c3 Nf6 4. Be2 e6 5. 0-0 Be7 6. Bb5+ Nbd7 7. Re1 0-0 8. d4 a6 9. Bd3 b5 10. e5 dxe5 11. dxe5 Nd5 12. Qc2 h6 13. Qe2 c4 14. Bc2 Nc5 15. b3 cxb3 16. axb3 b4 17. c4 Nb6 18. Be3 Nbd7 19. Qd2 g5 20. h4 Bb7 21. Qe2 Kg7 22. hxg5 hxg5 23. Rd1 Rh8 24. Nxg5 Bxg5 25. Bxc5 Be7 26. Qg4+ Kf8 27. Be3 Qc7 28. Bf4 Nxe5 29. Qg3 Bf6 30. Nd2 Rg8 31. Qe3 Rxg2+ 32. Kf1 Ng4 33. Bxc7 Nxe3+ 34. fxe3 Bxa1 35. e4 Rg4 36. Rxa1 Kg7 37. Bd1 Rh4 38. Bf3 Bc6 39. Ra5 f6 40. Rc5 Bd7 41. Bg3 Rh7 42. e5 Rf8 43. exf6+ Kxf6 44. Ke2 Rc8 45. Ne4+ Ke7 46. Bd6+ Kd8 47. Rg5 Be8 1-0

[Event "Chojnice op"]
[Site "Chojnice"]
[Date "2007.07.16"]
[Round "4"]
[White "Szymczak, Zbigniew"]
[Black "Zembrzuska, Monika"]
[Result "1-0"]
[WhiteElo "2305"]
[BlackElo "2062"]
[PlyCount "57"]
[EventDate "2007.07.14"]
[EventType "swiss"]
[EventRounds "9"]
[EventCountry "POL"]
[SourceTitle "CBM 119 Extra"]
[Source "ChessBase"]
[SourceDate "2007.09.04"]
[SourceVersion "1"]
[SourceVersionDate "2007.09.04"]
[SourceQuality "1"]

1. d4 d5 2. c4 c6 3. Nf3 e6 4. Qc2 Nf6 5. g3 dxc4 6. Qxc4 b6 7. Bg2 Ba6 8. Qa4 Bb7 9. 0-0 Bd6 10. Nc3 0-0 11. e4 Be7 12. Rd1 Nbd7 13. Bf4 b5 14. Qc2 b4 15. Na4 Qa5 16. Nd2 c5 17. Nc4 Qa6 18. Nxc5 Nxc5 19. dxc5 Bxc5 20. Nd6 Bxd6 21. Rxd6 Qa5 22. f3 Rac8 23. Qd2 h6 24. a3 Qa4 25. Qxb4 Qxb4 26. axb4 a6 27. Rb6 Bc6 28. Raxa6 Ba8 29. Bf1 1-0

[Event "Pieczyska op"]
[Site "Pieczyska"]
[Date "2007.06.25"]
[Round "3"]
[White "Zembrzuska, Monika"]
[Black "Szmidt, Przemyslaw"]
[Result "1-0"]
[WhiteElo "2023"]
[BlackElo "1920"]
[PlyCount "55"]
[EventDate "2007.06.23"]
[EventType "swiss"]
[EventRounds "9"]
[EventCountry "POL"]
[SourceTitle "EXT 2008"]
[Source "ChessBase"]
[SourceDate "2007.11.25"]
[SourceVersion "1"]
[SourceVersionDate "2007.11.25"]
[SourceQuality "1"]

1. e4 c6 2. d4 d5 3. Nc3 dxe4 4. Nxe4 Nf6 5. Nxf6+ exf6 6. h3 Bd6 7. Bd3 0-0 8. Ne2 Re8 9. 0-0 Qc7 10. c4 Be6 11. Nc3 Qd7 12. Qf3 Qc7 13. Bd2 Na6 14. Rac1 Rad8 15. d5 Bc8 16. Rfe1 Nc5 17. Bb1 Nd7 18. Qd3 g6 19. Ne4 Be5 20. Bc3 Bxc3 21. Qxc3 Qe5 22. dxc6 Nc5 23. Qg3 Qxg3 24. Nxf6+ Kf8 25. fxg3 Rxe1+ 26. Rxe1 Rd6 27. Re8+ Kg7 28. Rxc8 1-0

[Event "Pieczyska op"]
[Site "Pieczyska"]
[Date "2007.06.23"]
[Round "1"]
[White "Zembrzuska, Monika"]
[Black "Laskowski, Filip"]
[Result "1-0"]
[WhiteElo "2023"]
[BlackElo "1800"]
[PlyCount "67"]
[EventDate "2007.06.23"]
[EventType "swiss"]
[EventRounds "9"]
[EventCountry "POL"]
[SourceTitle "EXT 2008"]
[Source "ChessBase"]
[SourceDate "2007.11.25"]
[SourceVersion "1"]
[SourceVersionDate "2007.11.25"]
[SourceQuality "1"]

1. e4 c5 2. Nf3 e6 3. d4 cxd4 4. Nxd4 Nc6 5. Nb5 d6 6. c4 a6 7. N5c3 Qc7 8. Be3 Nf6 9. Be2 b6 10. 0-0 Bb7 11. f4 Be7 12. Qe1 Rc8 13. Nd2 0-0 14. Rc1 Rfe8 15. Qf2 Bd8 16. g4 Na5 17. g5 Nd7 18. Bd3 e5 19. f5 f6 20. g6 h6 21. b4 Nc6 22. Nd5 Qb8 23. Qh4 Nd4 24. Nf3 Bxd5 25. exd5 Nxf3+ 26. Rxf3 e4 27. Bxh6 Ne5 28. Rh3 Nf3+ 29. Rxf3 gxh6 30. Qxh6 Qc7 31. Rh3 Qg7 32. Qe3 Qe7 33. Rh7 Qe5 34. Rh8+ 1-0

[Event "POL Academic Cup 2nd"]
[Site "Wroclaw"]
[Date "2007.05.02"]
[Round "6"]
[White "Zembrzuska, Monika"]
[Black "Grossmann, Ryszard"]
[Result "0-1"]
[WhiteElo "2023"]
[BlackElo "2171"]
[PlyCount "69"]
[EventDate "2007.04.28"]
[EventType "swiss"]
[EventRounds "9"]
[EventCountry "POL"]
[SourceTitle "EXT 2011"]
[Source "ChessBase"]
[SourceDate "2010.11.26"]
[SourceVersion "1"]
[SourceVersionDate "2010.11.26"]
[SourceQuality "1"]

1. e4 c5 2. Nf3 e6 3. d4 cxd4 4. Nxd4 a6 5. c4 Nf6 6. Nc3 Qc7 7. Bd3 Be7 8. 0-0 0-0 9. Be3 Nc6 10. Rc1 Nxd4 11. Bxd4 d6 12. Qe2 e5 13. Be3 Be6 14. f4 exf4 15. Rxf4 Nd7 16. Nd5 Qd8 17. Rff1 Bg5 18. Bb1 Rc8 19. Nf4 Re8 20. b3 Ne5 21. h3 Qe7 22. Rcd1 Bxf4 23. Bxf4 f6 24. Rd4 Rc6 25. Rfd1 Bf7 26. Bc1 Bg6 27. Ba3 Nf7 28. Qd2 Bh5 29. g4 Bg6 30. Bxd6 Qe6 31. Bf4 h5 32. Qg2 b5 33. Qe2 bxc4 34. bxc4 hxg4 35. hxg4 0-1

[Event "Bydgoszcz Fordonski op 1st"]
[Site "Bydgoszcz"]
[Date "2007.02.25"]
[Round "5"]
[White "Tokarski, Bartosz"]
[Black "Zembrzuska, Monika"]
[Result "0-1"]
[WhiteElo "2051"]
[BlackElo "2010"]
[PlyCount "162"]
[EventDate "2007.02.23"]
[EventType "swiss"]
[EventRounds "5"]
[EventCountry "POL"]
[SourceTitle "EXT 2011"]
[Source "ChessBase"]
[SourceDate "2010.11.26"]
[SourceVersion "1"]
[SourceVersionDate "2010.11.26"]
[SourceQuality "1"]

1. e4 c5 2. Nf3 d6 3. d4 cxd4 4. Nxd4 Nf6 5. Nc3 a6 6. Bg5 Nbd7 7. f4 b5 8. Qf3 Bb7 9. 0-0-0 e6 10. Bd3 Be7 11. Rhe1 Nc5 12. Qh3 b4 13. Nd5 Bxd5 14. exd5 Nxd5 15. Bc4 Nf6 16. Nc6 Qc7 17. Nxb4 0-0 18. f5 d5 19. Bf1 Nce4 20. Nxa6 Qb6 21. Be3 Qa5 22. Kb1 Rfb8 23. Bf4 Nc3+ 24. Qxc3 Qxc3 25. Nxb8 Qa5 26. a3 Qa4 27. Be5 Ng4 28. Na6 Nxe5 29. Rxe5 Bf6 30. Re3 Qf4 31. Rf3 Qxh2 32. fxe6 fxe6 33. Re3 Qd6 34. Nb4 Rb8 35. Be2 Qb6 36. Rb3 Qf2 37. Bg4 Re8 38. Bf3 d4 39. Nd3 Qh4 40. Bc6 Rd8 41. Rb5 Qg3 42. Nc5 Qg4 43. Bf3 Qf5 44. a4 e5 45. Ne4 Be7 46. Re1 Qf4 47. Rb7 Bf6 48. Rf1 Qe3 49. Rb3 d3 50. Ka2 Qa7 51. cxd3 Qxa4+ 52. Ra3 Qb4 53. Nxf6+ gxf6 54. Be4 Rb8 55. Rf2 Qb6 56. Rc2 Qe6+ 57. Kb1 f5 58. Bc6 Qd6 59. Rac3 Qd4 60. Ra3 Rb6 61. Bf3 e4 62. dxe4 fxe4 63. Be2 Rb8 64. Bc4+ Kg7 65. Rg3+ Kf6 66. Be2 e3 67. Rh3 Qe4 68. Rh6+ Kg7 69. Rhc6 Rd8 70. Rc7+ Kh8 71. R7c3 Rd2 72. Rc8+ Kg7 73. R8c4 Qf5 74. Rc7+ Kf6 75. R7c6+ Ke7 76. Rc7+ Kd8 77. g4 Qe4 78. R7c4 Qh1+ 79. Rc1 Qg2 80. R1c2 Qd5 81. R4c3 Rxe2 0-1

[Event "Wloclawek Weekend Classic 1st"]
[Site "Wloclawek"]
[Date "2006.??.??"]
[Round "2"]
[White "Zembrzuska, Monika"]
[Black "Szczesniak, Andrzej"]
[Result "0-1"]
[WhiteElo "2040"]
[BlackElo "2081"]
[PlyCount "47"]
[EventDate "2006.08.??"]
[EventType "swiss"]
[EventRounds "5"]
[EventCountry "POL"]
[SourceTitle "EXT 2007"]
[Source "ChessBase"]
[SourceDate "2006.11.23"]
[SourceVersion "1"]
[SourceVersionDate "2006.11.23"]
[SourceQuality "1"]

1. e4 c5 2. Nf3 d6 3. d4 cxd4 4. Nxd4 Nf6 5. Nc3 g6 6. Be3 Bg7 7. f3 Nc6 8. Qd2 Bd7 9. 0-0-0 Rc8 10. g4 Ne5 11. Bh6 Bxh6 12. Qxh6 Qa5 13. Kb1 a6 14. h4 b5 15. h5 Rc5 16. Nb3 Qc7 17. Nxc5 Qxc5 18. hxg6 fxg6 19. Nd5 Nxd5 20. exd5 Rf8 21. Qxh7 Rxf3 22. Qg7 Kd8 23. Rh8+ Kc7 24. Qxe7 0-1

[Event "POL-chT 2nd League"]
[Site "Wysowa"]
[Date "2005.09.02"]
[Round "7.47"]
[White "Sobczak, Miroslaw"]
[Black "Zembrzuska, Monika"]
[Result "1/2-1/2"]
[WhiteElo "2058"]
[BlackElo "2048"]
[PlyCount "93"]
[EventDate "2005.08.27"]
[EventType "team-swiss"]
[EventRounds "9"]
[EventCountry "POL"]
[SourceTitle "EXT 2019"]
[Source "ChessBase"]
[SourceDate "2018.10.10"]
[SourceVersion "1"]
[SourceVersionDate "2018.10.10"]
[SourceQuality "1"]
[WhiteTeam "Gniezno LKS Chrobry"]
[BlackTeam "Bydgoszcz Chemik"]
[WhiteTeamCountry "POL"]
[BlackTeamCountry "POL"]

1. e4 c5 2. Nc3 Nc6 3. f4 e6 4. Nf3 d5 5. Bb5 Nge7 6. Qe2 d4 7. Nd1 a6 8. Bxc6+ Nxc6 9. d3 Be7 10. 0-0 0-0 11. Nf2 b5 12. Ng5 Bxg5 13. fxg5 e5 14. Nh1 f5 15. gxf6 Rxf6 16. Rxf6 Qxf6 17. Bd2 Be6 18. Rf1 Qe7 19. a3 Rf8 20. Rxf8+ Qxf8 21. Ng3 c4 22. Qh5 g6 23. Qh4 c3 24. bxc3 dxc3 25. Bh6 Qxa3 26. Qf6 Qe7 27. Qf1 Qc5+ 28. Kh1 b4 29. d4 exd4 30. Qxa6 Qd6 31. e5 Qxe5 32. Ne4 Bd7 33. Qc4+ Qe6 34. Qc5 Ne7 35. Qxd4 Nf5 36. Qxd7 Qxd7 37. Nf6+ Kf7 38. Nxd7 Nxh6 39. Ne5+ Ke6 40. Nd3 Kd5 41. Nxb4+ Kd4 42. Na2 Ng4 43. Kg1 Ne3 44. Nb4 Kc4 45. Kf2 Nxg2 46. Nd3 Nh4 47. Ke3 1/2-1/2

[Event "Kochan Memorial op-B 16th"]
[Site "Koszalin"]
[Date "2005.08.??"]
[Round "7"]
[White "Zembrzuska, Monika"]
[Black "Czyz, Pawel"]
[Result "1-0"]
[WhiteElo "2048"]
[BlackElo "1927"]
[PlyCount "127"]
[EventDate "2005.08.??"]
[EventType "swiss"]
[EventRounds "10"]
[EventCountry "POL"]
[SourceTitle "EXT 2006"]
[Source "ChessBase"]
[SourceDate "2005.11.24"]
[SourceVersion "1"]
[SourceVersionDate "2005.11.24"]
[SourceQuality "1"]

1. e4 c6 2. d4 d5 3. Nc3 dxe4 4. Nxe4 Nd7 5. Nf3 Ngf6 6. Ng3 e6 7. Bd3 Be7 8. Qe2 b6 9. Ne5 Nxe5 10. dxe5 Nd5 11. a3 b5 12. c4 bxc4 13. Bxc4 Bb7 14. 0-0 Qb6 15. b4 a5 16. bxa5 Rxa5 17. a4 Qd4 18. Bb2 Nc3 19. Bxc3 Qxc3 20. f4 Qd4+ 21. Kh1 g6 22. Ne4 c5 23. Nd2 Ra8 24. Bb5+ Kf8 25. Nc4 Qd8 26. Rfd1 Bd5 27. Ne3 Kg7 28. Bc6 Ra7 29. Nxd5 exd5 30. Rxd5 Qc8 31. Bb5 Qf5 32. g3 h5 33. Qf3 Qh3 34. Rad1 Qe6 35. Bd7 Qb6 36. Bb5 Rc8 37. f5 gxf5 38. Qxf5 Qe6 39. Qxh5 Rh8 40. Qf3 c4 41. Qf2 Rc7 42. Bd7 Qh6 43. Rf1 Qh5 44. Bf5 c3 45. Bc2 Bg5 46. Rd6 Re7 47. a5 Qh3 48. a6 Qh5 49. g4 Qh3 50. e6 f6 51. Qg2 Qe3 52. Qe4 Qxe4+ 53. Bxe4 Rhe8 54. Rd7 Be3 55. Rf3 Bd4 56. Rxd4 Rxe6 57. Bc2 Rxa6 58. Rxc3 Re7 59. Rd2 Rb6 60. Bf5 Ra6 61. Rd7 Rxd7 62. Bxd7 Ra1+ 63. Kg2 Rd1 64. Bf5 1-0

[Event "POL-chT 2nd League"]
[Site "Polanica Zdroj"]
[Date "2004.09.12"]
[Round "11.42"]
[White "Zembrzuska, Monika"]
[Black "Sosnowska, Elzbieta"]
[Result "0-1"]
[WhiteElo "2051"]
[BlackElo "2030"]
[PlyCount "86"]
[EventDate "2004.09.04"]
[EventType "team-swiss"]
[EventRounds "11"]
[EventCountry "POL"]
[SourceTitle "EXT 2019"]
[Source "ChessBase"]
[SourceDate "2018.10.10"]
[SourceVersion "1"]
[SourceVersionDate "2018.10.10"]
[SourceQuality "1"]
[WhiteTeam "Bydgoszcz Chemik"]
[BlackTeam "Pultusk Nadnarwianka"]
[WhiteTeamCountry "POL"]
[BlackTeamCountry "POL"]

1. e4 e5 2. Nf3 Nc6 3. Bb5 Nd4 4. Ba4 Bc5 5. 0-0 Nxf3+ 6. Qxf3 Qf6 7. Qg3 Ne7 8. d3 Ng6 9. Bg5 Qb6 10. Bb3 c6 11. Be3 0-0 12. Nd2 d6 13. Nc4 Qc7 14. c3 b5 15. Nd2 a5 16. d4 Bb6 17. f4 a4 18. Bc2 exd4 19. cxd4 f5 20. Rac1 Bd7 21. Qg5 Rae8 22. Qh5 Rf6 23. Bf2 Nxf4 24. Qd1 d5 25. e5 Rg6 26. Nf3 Rxg2+ 27. Kh1 Rg4 28. Nh4 g6 29. Nf3 Nh3 30. Be1 Qa7 31. Bc3 Be6 32. Qd3 c5 33. Qxb5 Bd7 34. Qd3 cxd4 35. Bb4 Bc7 36. Bd1 Bxe5 37. Rc2 Nf4 38. Qa3 d3 39. Rd2 Bd4 40. Ne1 Rg1+ 41. Rxg1 Bxg1 42. Nxd3 Be3 43. Re2 Qd4 0-1

[Event "POL-chT 2nd League"]
[Site "Polanica Zdroj"]
[Date "2004.09.10"]
[Round "9"]
[White "Zembrzuska, Monika"]
[Black "Weglarz, Joanna"]
[Result "1/2-1/2"]
[WhiteElo "2051"]
[BlackElo "2059"]
[PlyCount "22"]
[EventDate "2004.09.04"]
[EventType "team-swiss"]
[EventRounds "11"]
[EventCountry "POL"]
[SourceTitle "CBM 102 Extra"]
[Source "ChessBase"]
[SourceDate "2004.11.03"]
[SourceVersion "1"]
[SourceVersionDate "2004.11.03"]
[SourceQuality "1"]
[WhiteTeam "Bydgoszcz Chemik"]
[BlackTeam "Znin Baszta"]
[WhiteTeamCountry "POL"]
[BlackTeamCountry "POL"]

1. e4 c5 2. Nf3 d6 3. d4 cxd4 4. Nxd4 Nf6 5. Nc3 a6 6. f3 e6 7. Be3 Qc7 8. Qd2 b5 9. g4 Bb7 10. 0-0-0 Nbd7 11. Kb1 Nb6 1/2-1/2

[Event "POL-chT 2nd League"]
[Site "Polanica Zdroj"]
[Date "2004.09.04"]
[Round "1"]
[White "Zembrzuska, Monika"]
[Black "Krajewska, Katarzyna"]
[Result "1-0"]
[WhiteElo "2051"]
[BlackElo "2015"]
[PlyCount "51"]
[EventDate "2004.09.04"]
[EventType "team-swiss"]
[EventRounds "11"]
[EventCountry "POL"]
[SourceTitle "CBM 102 Extra"]
[Source "ChessBase"]
[SourceDate "2004.11.03"]
[SourceVersion "1"]
[SourceVersionDate "2004.11.03"]
[SourceQuality "1"]
[WhiteTeam "Bydgoszcz Chemik"]
[BlackTeam "Bytom Szombierki"]
[WhiteTeamCountry "POL"]
[BlackTeamCountry "POL"]

1. e4 e6 2. d4 d5 3. exd5 exd5 4. Bd3 Nc6 5. c3 Nf6 6. Bg5 Be7 7. Qc2 Ne4 8. Bxe7 Qxe7 9. Ne2 f5 10. Nd2 Qg5 11. g3 0-0 12. f3 Qe3 13. fxe4 fxe4 14. Nxe4 dxe4 15. Bxe4 Bg4 16. Qd3 Qf2+ 17. Kd2 Rae8 18. Rae1 Kh8 19. h3 Ne5 20. dxe5 Rd8 21. Bd5 c6 22. c4 Bf5 23. Qd4 Qxd4+ 24. Nxd4 cxd5 25. Nxf5 dxc4+ 26. Nd6 1-0

[Event "POL-chT 1st League"]
[Site "Ustron"]
[Date "2003.09.13"]
[Round "8"]
[White "Zembrzuska, Monika"]
[Black "Kupczyk, Edyta"]
[Result "0-1"]
[WhiteElo "1997"]
[BlackElo "2135"]
[PlyCount "40"]
[EventDate "2003.09.06"]
[EventType "team-tourn"]
[EventRounds "9"]
[EventCountry "POL"]
[SourceTitle "EXT 2005"]
[Source "ChessBase"]
[SourceDate "2004.11.15"]
[SourceVersion "1"]
[SourceVersionDate "2004.11.15"]
[SourceQuality "1"]
[WhiteTeam "Bydgoszcz Chemik"]
[BlackTeam "Szopienice HetMaN"]
[WhiteTeamCountry "POL"]
[BlackTeamCountry "POL"]

1. e4 c5 2. Nf3 Nc6 3. d4 cxd4 4. Nxd4 Nf6 5. Nc3 e5 6. Ndb5 d6 7. Bg5 a6 8. Na3 b5 9. Nd5 Be7 10. Bxf6 Bxf6 11. c3 0-0 12. Nc2 Rb8 13. h4 Be6 14. Nce3 b4 15. Bxa6 bxc3 16. bxc3 Qa5 17. Qd3 Bd8 18. a4 Nd4 19. Bc4 Rb2 20. Nd1 Re2+ 0-1